00695 2200193 4500001002100000005001500021035002000036008004100056245004400097100001900141250000600160260002800166300001200194084001400206082000800220650001000228520025100238990001200489INLIS00000000000099620240528110419 a0010-0524000231240528 1 ind 1 aCinta Tak Pernah Salah /cAna Sastravel aSastravel, Ana a1 aJakarta :bZettu,c2014 a274 hlm a813 ANA c a813 4aFiksi aBukan aku takut untuk mencintaimu, namun aku terlalu takut untuk kembali merasakan kehilangan yang begitu pedih. Seandainya kau tahu betapa banyak luka yang pernah hadir dalam hatiku, betapa banyak air mata yang pernah mengalir dari kedua mataku. a0743973